000 00744nam a2200205 i 4500
001 126997
003 ES-MaACL
005 20251002204013.0
007 t|
008 070214s1985 sp r ||||1| spa d
100 1 _aRibera, Julián (
_d1858-1934)
_996779
245 1 3 _aLa música árabe y su influencia en la española /
_cJulián Ribera y Tárrago ; [revisión, prólogo y semblanza biográfica por Emilio García Gómez].
260 _aMadrid :
_bMayo de Oro,
_c1985.
300 _a200 p. ;
_c19 cm.
650 4 _aMúsica española-
_xInfluencia musulmana.
_9166618
650 4 _aÁrabes-
_xMúsica.
_9166619
700 1 _aGarcía Gómez, Emilio,
_d1905-1995
_954690
852 _aES-MaACL
_jL-12449
_bR.113872
999 _c126997
_d126997